Operaciones y procesos hoteleros: gestión del alojamiento
Na minha lista:
| Autor principal: | |
|---|---|
| Formato: | Livro |
| Idioma: | espanhol |
| Publicado em: |
Madrid
Thomson
2001
|
| Assuntos: | |
| Tags: |
Adicionar Tag
Sem tags, seja o primeiro a adicionar uma tag!
|
MARC
| LEADER | 00000nam a2200000 a 4500 | ||
|---|---|---|---|
| 001 | UCI5186 | ||
| 003 | CL-VaPUC | ||
| 008 | 080314e20010000SP |||||||||||||||||spa|d | ||
| 020 | |a 8428327564 | ||
| 082 | 0 | 4 | |a 658.401 |b ISL |2 21 |
| 100 | 0 | |a Ismail, Ahmed |e author |9 527323 | |
| 245 | 1 | 0 | |a Operaciones y procesos hoteleros: gestión del alojamiento |
| 300 | |a 259 p | ||
| 942 | |c BK | ||
| 945 | |d 20080314 00:00:00 |a jtorresc | ||
| 260 | |a Madrid |b Thomson |c 2001 | ||
| 650 | 0 | |a Marketing |9 259324 | |
| 650 | 0 | |a Administración hotelera |9 527324 | |
| 650 | 0 | |a Hoteles |9 360285 | |
| 650 | 0 | |a Alojamiento |9 372637 | |
| 650 | 7 | |a HABITACIONES |2 CL-VaPUC |9 527325 | |
| 650 | 0 | |a Administración de empresas |9 260833 | |
| 583 | |a last modification |c 20170406 03:19:01 |k Rodrigo Vera | ||
| 999 | |c 328949 |d 328947 | ||